000 00373nam a22001577a 4500
005 20251108170716.0
008 250721s1974 xx 000 0 eng d
082 1 4 _aR/37/PRI
245 1 0 _aPrivate independent schools /
250 _a27th
264 1 _aNew York :
_bBowker,
_c1974.
300 _a701p. : ill
650 1 7 _aEducation
942 _2ddc
_cBK
999 _c47123
_d47123